Hechos consumados

Saved in:
Bibliografiske detaljer
Hovedforfatter: Radrigán, Juan (Author)
Format: Bog
Sprog:spansk
Udgivet: Santiago Minga 1982
Serier:Colección Hombre y Sociedad
Fag:
Tags: Tilføj Tag
Ingen Tags, Vær først til at tagge denne postø!

MARC

LEADER 00000nam a2200000 a 4500
001 UCO5478
003 CL-VaPUC
008 000901e19820000CL |||||||||||||||||spa|d
082 0 4 |a Ch862  |b RAD  |2 21 
100 0 |a Radrigán, Juan  |e author  |9 450200 
245 1 0 |a Hechos consumados 
300 |a 142 p 
942 |c BK 
945 |d 20000901 00:00:00  |a crobeson 
260 |a Santiago  |b Minga  |c 1982 
650 0 |a Dramas chilenos  |9 313819 
650 0 |a Literatura chilena   |9 308278 
583 |a last modification  |c 20000901 00:00:00  |k Rodrigo Vera 
490 0 |a Colección Hombre y Sociedad 
999 |c 291336  |d 291334 
952 |0 0  |1 0  |4 0  |6 CH_862_000000000000000_RAD_1982  |7 0  |8 A  |9 341158  |a BIBART  |b BIBART  |d 2019-11-20  |i 1220780  |o Ch862 RAD 1982  |p 1220780  |r 2025-03-13  |w 2019-11-20  |y BK  |k ART